01265nam a22003017i 4500003000900000005001700009007000300026008004100029020001800070040003000088041000700118082001900125100005100144245009800195250002200293264004600315300004300361336002700404337003300431338002800464590002700492910000700519942001400526952013200540952013700672952013700809999001700946DO-SdBNP20250721094053.0ta250721b2024 |||||||| |||| 00| 0 spa d a9789945504316 aDO-SdBNPbspacBNPHUerda asp axxxbC719d2221 aColón Arache, M. Jesúseautor4aut.98739910aDe Andrés L. Mateo a Tony Raful :bdos entrevistas y un ensayo /cM. Jesús Colón Arache aPrimera edición aSanto Domingo :bEl Nuevo Diario, c2024. a58 páginas :bilustraciones ;c23 cm ardacontentbtexto2txt ardamediabsin mediación2n ardacarrierbvolumen2nc aInventariado, 2025 /DG aDG 2ddccLBS1 00102ddc51708PDaBNPHUbBNPHUcCTd2025-03-19eDepósito Legall0oBNPHU PD C719dp2025-3058r2025-04-09w2025-04-09yLBS1 00102ddc51708PDaBNPHUbBNPHUcCTd2025-03-19eDepósito Legall0oBNPHU PD C719dp2025-3059r2025-04-09te.2w2025-04-09yLBS1 00102ddc56708DSaBNPHUbBNPHUcCTd2025-03-19eDepósito Legall0oBNPHU DS C719dp2025-3060r2025-04-09te.3w2025-04-09yLBS1 c58688d58688